000 01344cam a2200313 a 4500
005 20090828093419.0
008 071213s2008 njua b 001 0 eng
010 _aENG-95561
020 _a9788170005421
_c1695.00
020 _a8170005426
_c1695.00
035 _aEN-79094
037 _aDBAD/PUB
040 _aDPL
082 _a658.4038
_222
245 _aKnowledge management in practice :
_bconnections and context /
_cedited by T. Kanti Srikantaiah and Michael E.D. Koenig.
260 _aNew Delhi
_bEss Ess Publications
_c2008
300 _axxii, 519 p. :
_bill. ;
_c26 cm.
440 _aASIST monograph series
500 _a"Published on behalf of the American Society for Information Science and Technology."
504 _aIncludes bibliographical references and index.
650 _aKnowledge management.
700 _aSrikantaiah, Taverekere.
700 _aKoenig, Michael E. D.
710 _aAmerican Society for Information Science and Technology.
856 _3Table of contents only
_uhttp://www.loc.gov/catdir/toc/ecip086/2007050338.html
942 _2ddc
_cEN
_mKNO
999 _c32065
_d32065